000 00458nam a2200193Ia 4500
008 240510s9999 xx 000 0 und d
020 _a0000764516582
041 _aEng
082 _a005.117
082 _bB86
100 _aBurd, B.:
245 0 _aJava and XML for Dummies
260 _bINDIANA : WILEY PUBLISHING INC.
260 _c2002
300 _a386 p.
650 _aJava : XML : Object Oriented Programming
942 _2ddc
942 _cRBK
999 _c27833
_d27833
945 _a1
_bMadushi Gamage
_c1
_dMadushi Gamage